| 000 | 01086nam a2200325 a 4500 | ||
|---|---|---|---|
| 001 | 000114905 | ||
| 003 | CHAP | ||
| 005 | 20220329144503.0 | ||
| 008 | 180801s2017 mx a |r| |||1|||spa d | ||
| 010 | _a111366 | ||
| 011 | _a112338 | ||
| 020 | _a9786071204899 | ||
| 040 | _cCHAP | ||
| 082 | 0 | 4 |
_a333.816097275 _bG53 |
| 245 | 0 |
_aExtractivismo y neoextractivismo en el sur de México : _bmúltiples miradas / _ccoordinador Antonio García García. |
|
| 260 |
_aChapingo México : _bUACH, _c2017. |
||
| 300 |
_a356 p. : _bil., cuadros. |
||
| 590 |
_aE6337LMJ _b05 _c20180801 _lUCH01 _h1447 |
||
| 590 |
_aE6337LMJ _b05 _c20180802 _lUCH01 _h1007 |
||
| 590 |
_aE6337LMJ _b05 _c20180802 _lUCH01 _h1040 |
||
| 590 |
_aE6337LMJ _b05 _c20180802 _lUCH01 _h1041 |
||
| 650 | 1 | 4 |
_aMedio ambiente _xPreservación. _974105 |
| 650 | 1 | 4 |
_aMedio ambiente _xProtección. _974106 |
| 650 | 1 | 4 |
_aRecursos naturales _xAprovechamiento _zChiapas. _995195 |
| 651 | 1 | 4 |
_aChiapas _xCondiciones económicas. _922225 |
| 700 | 0 |
_aGarcía García, Antonio _ecoord. _946021 |
|
| 901 | _aBK | ||
| 942 | _cLIBRO | ||
| 942 | _n0 | ||
| 999 |
_c111366 _d111366 |
||